000 00666nam a2200217Ia 4500
008 191130s2005##################000#0#eng##
020 _a9781576601860
040 _aACL
_cACL
082 _a332.6 EVE
100 _aEvensky, Harold
245 _aThe investment think tank (theory, strategy, and practice for Advisers)
_cHarold Evensky, Deena Katz
250 _a1st edition
260 _aBangaladesh
_bBloomberg Press
_c2005
300 _axxi, 404p. : ill, 23cm
500 _aIncludes bibliographical references and index
650 _aEconomics
700 _aKatz, Deena
990 _a580e1ba3ac10000c241195a73decbf0c
991 _a172797
999 _c54546
_d54546